| 000 | 00383nam a2200145Ia 4500 | ||
|---|---|---|---|
| 008 | 150201s1990 xx 000 0 und d | ||
| 082 |
_a616.0707 _bC1990N |
||
| 100 | _aNEVILLE | ||
| 245 | _aCOLOR ATLAS OF CLINICAL ORAL PATHOLOGY | ||
| 250 | _a1ST | ||
| 260 |
_bLEA & FEBIGER PUBLICATION _aPHILADELPHIA (U.K) _c1990 |
||
| 300 | _a1-385 | ||
| 650 | _aORAL PATHOLOGY | ||
| 942 |
_2ddc _cBK |
||
| 999 |
_c3809 _d3809 |
||